[Event "SVK-chT 2324"]
[Site "Slovakia"]
[Date "2023.11.05"]
[Round "2.5"]
[White "Delgerdalai, Bayarjavkhlan"]
[Black "Molnar, Erno"]
[Result "1-0"]
[WhiteElo "2240"]
[BlackElo "2274"]
[PlyCount "85"]
[EventDate "2023.11.04"]
[EventType "team-tourn"]
[EventRounds "11"]
[EventCountry "SVK"]
[SourceTitle "Mega2024 Update 01"]
[Source "Chessbase"]
[SourceDate "2023.11.12"]
[SourceVersion "1"]
[SourceVersionDate "2023.11.12"]
[SourceQuality "1"]
[WhiteTeam "Osuske"]
[BlackTeam "Komarno"]
[WhiteTeamCountry "SVK"]
[BlackTeamCountry "SVK"]

1. e4 e5 2. Nf3 Nc6 3. Bb5 a6 4. Ba4 Nf6 5. 0-0 Be7 6. Re1 b5 7. Bb3 0-0 8. a4 b4 9. a5 d6 10. d3 Be6 11. Nbd2 Qc8 12. Nc4 Rd8 13. Bd2 Rb8 14. h3 h6 15. Qe2 Nd7 16. Be3 Bf6 17. Ncd2 Nf8 18. Bc4 Ng6 19. Kh2 Nd4 20. Bxd4 exd4 21. Bxe6 Qxe6 22. g3 Ne7 23. Ng1 Nc6 24. f4 g6 25. Ngf3 Bg7 26. Nb3 Re8 27. Qf2 Qf6 28. Kg2 g5 29. f5 Rb5 30. g4 d5 31. Nbxd4 dxe4 32. Nxb5 exf3+ 33. Qxf3 Rxe1 34. Rxe1 axb5 35. a6 Na7 36. Qa8+ Kh7 37. Qxa7 Qc6+ 38. Re4 Qxc2+ 39. Qf2 Qxd3 40. Qf3 Qd2+ 41. Re2 Qd1 42. f6 Bf8 43. a7 1-0

[Event "EU-ch U14 31st"]
[Site "Mamaia"]
[Date "2023.09.14"]
[Round "9"]
[White "Delgerdalai, Bayarjavkhlan"]
[Black "Ilinca Ilinca, Felix Antonio"]
[Result "1/2-1/2"]
[WhiteElo "2275"]
[BlackElo "2358"]
[PlyCount "59"]
[EventDate "2023.09.05"]
[EventType "swiss"]
[EventRounds "9"]
[EventCountry "ROU"]
[SourceTitle "EXT 2024"]
[Source "ChessBase"]
[SourceDate "2023.10.10"]
[SourceVersion "1"]
[SourceVersionDate "2023.10.10"]
[SourceQuality "1"]

1. e4 c5 2. Nf3 d6 3. d4 cxd4 4. Nxd4 Nf6 5. Nc3 Nc6 6. Bg5 e6 7. Qd3 Be7 8. 0-0-0 0-0 9. f4 Qb6 10. Be2 h6 11. Nxc6 bxc6 12. Bh4 Rb8 13. b3 Qa5 14. Rhf1 d5 15. e5 Ne4 16. Bxe7 Nxc3 17. Bxf8 Kxf8 18. Kb2 Nxd1+ 19. Rxd1 c5 20. Qh7 c4 21. Bxc4 dxc4 22. Qh8+ Ke7 23. Qxg7 c3+ 24. Kb1 Qb6 25. Qf6+ Ke8 26. Qxh6 Ba6 27. Qh8+ Ke7 28. Qf6+ Ke8 29. Qh8+ Ke7 30. Qf6+ 1/2-1/2

[Event "EU-ch U14 31st"]
[Site "Mamaia"]
[Date "2023.09.13"]
[Round "8"]
[White "Csernyik, Mark"]
[Black "Delgerdalai, Bayarjavkhlan"]
[Result "0-1"]
[WhiteElo "1970"]
[BlackElo "2275"]
[PlyCount "92"]
[EventDate "2023.09.05"]
[EventType "swiss"]
[EventRounds "9"]
[EventCountry "ROU"]
[SourceTitle "EXT 2024"]
[Source "ChessBase"]
[SourceDate "2023.10.10"]
[SourceVersion "1"]
[SourceVersionDate "2023.10.10"]
[SourceQuality "1"]

1. e4 c5 2. Nf3 e6 3. d4 cxd4 4. Nxd4 Nc6 5. Nc3 Nf6 6. Ndb5 Bc5 7. Bf4 0-0 8. Bc7 Qe7 9. Bd6 Bxd6 10. Qxd6 Qd8 11. 0-0-0 a6 12. Nd4 Ne7 13. f3 b5 14. Kb1 Bb7 15. g4 Ne8 16. Qb4 Rb8 17. Be2 d6 18. h4 e5 19. Nf5 Nc6 20. Qb3 g6 21. Nh6+ Kg7 22. g5 Nd4 23. Rxd4 exd4 24. Nd5 Bxd5 25. Qxd5 Qb6 26. f4 Nc7 27. Qb3 Rbe8 28. f5 d5 29. Bf3 f6 30. Qd3 Qc6 31. exd5 Qc4 32. d6 Re3 33. Qd1 Nd5 34. Ng4 Ree8 35. Bxd5 Qxd5 36. gxf6+ Kf7 37. Rf1 Re4 38. a3 Qxd6 39. Qf3 Qd5 40. fxg6+ hxg6 41. Qg3 Ke6 42. Qh3 Kd6 43. Nf2 Re3 44. Qg4 Rxf6 45. Ne4+ Rxe4 46. Rxf6+ Ke7 0-1

[Event "EU-ch U14 31st"]
[Site "Mamaia"]
[Date "2023.09.10"]
[Round "5"]
[White "Delgerdalai, Bayarjavkhlan"]
[Black "Tolmacevs, Artjoms"]
[Result "1/2-1/2"]
[WhiteElo "2275"]
[BlackElo "1951"]
[PlyCount "94"]
[EventDate "2023.09.05"]
[EventType "swiss"]
[EventRounds "9"]
[EventCountry "ROU"]
[SourceTitle "EXT 2024"]
[Source "ChessBase"]
[SourceDate "2023.10.10"]
[SourceVersion "1"]
[SourceVersionDate "2023.10.10"]
[SourceQuality "1"]

1. e4 c5 2. Nf3 d6 3. d4 cxd4 4. Qxd4 Nc6 5. Bb5 Nf6 6. c4 Bd7 7. Qd3 g6 8. Nc3 Bg7 9. h3 0-0 10. 0-0 Rc8 11. Rd1 a6 12. Bxc6 Bxc6 13. Nd4 Nd7 14. b3 Nc5 15. Qe2 b5 16. cxb5 axb5 17. Bb2 Qb6 18. Nxc6 Rxc6 19. Nd5 Qb7 20. Bxg7 Kxg7 21. Rac1 Rfc8 22. e5 Ne6 23. Rxc6 Rxc6 24. Nb4 Rc5 25. Nd3 Rd5 26. exd6 Rxd6 27. Qe3 Qd7 28. Rd2 Qd8 29. Kf1 Rd5 30. Ke1 Qc7 31. Qe4 Qd6 32. Ke2 Nd4+ 33. Kd1 Nc6 34. g3 e5 35. g4 Rd4 36. Qe3 Qd5 37. Ne1 b4 38. Rxd4 Nxd4 39. Nd3 Nc6 40. f3 f6 41. Ke1 Nd4 42. Kf2 Qa5 43. Qd2 Qa8 44. Ne1 g5 45. Qxb4 Qxa2+ 46. Kg1 Qe2 47. Qe7+ Kg8 1/2-1/2

[Event "EU-ch U14 31st"]
[Site "Mamaia"]
[Date "2023.09.06"]
[Round "2"]
[White "Kiladze, Luka"]
[Black "Delgerdalai, Bayarjavkhlan"]
[Result "1-0"]
[WhiteElo "2030"]
[BlackElo "2275"]
[PlyCount "117"]
[EventDate "2023.09.05"]
[EventType "swiss"]
[EventRounds "9"]
[EventCountry "ROU"]
[SourceTitle "EXT 2024"]
[Source "ChessBase"]
[SourceDate "2023.10.10"]
[SourceVersion "1"]
[SourceVersionDate "2023.10.10"]
[SourceQuality "1"]

1. d4 Nf6 2. c4 e6 3. Nf3 Bb4+ 4. Bd2 a5 5. g3 d6 6. Bg2 Nbd7 7. 0-0 e5 8. a3 Bxd2 9. Qxd2 0-0 10. Nc3 Re8 11. Rad1 Qe7 12. Qc2 e4 13. Ng5 Nb6 14. Ngxe4 Nxe4 15. Bxe4 h5 16. Rfe1 h4 17. Bf3 c6 18. Qd3 Bh3 19. b3 Nd7 20. Qe4 hxg3 21. hxg3 Qg5 22. Qf4 Qxf4 23. gxf4 Nf8 24. Kh2 Bd7 25. d5 Rad8 26. b4 axb4 27. axb4 Ng6 28. Kg3 Ne7 29. e4 cxd5 30. Nxd5 Nxd5 31. exd5 Rc8 32. Rxe8+ Bxe8 33. Rc1 b6 34. Bg4 Ra8 35. c5 Ra3+ 36. f3 bxc5 37. bxc5 dxc5 38. Rxc5 f6 39. Rc8 Kf7 40. d6 Rd3 41. Rc7+ Kf8 42. d7 Bg6 43. Be6 f5 44. Bc4 Rd4 45. Rc8+ Ke7 46. Bb5 Rxd7 47. Bxd7 Kxd7 48. Rg8 Ke7 49. Rxg7+ Kf6 50. Ra7 Bh5 51. Ra3 Bf7 52. Kh4 Bd5 53. Ra6+ Kf7 54. Kg5 Bxf3 55. Kxf5 Bd5 56. Ra7+ Kf8 57. Kf6 Bf3 58. Rc7 Ke8 59. Kg7 1-0

[Event "Stare Mesto op"]
[Site "Stare Mesto"]
[Date "2023.08.13"]
[Round "9"]
[White "Delgerdalai, Bayarjavkhlan"]
[Black "Stocek, Jiri"]
[Result "0-1"]
[WhiteElo "2273"]
[BlackElo "2525"]
[PlyCount "140"]
[EventDate "2023.08.05"]
[EventType "swiss"]
[EventRounds "9"]
[EventCountry "CZE"]
[SourceTitle "EXT 2024"]
[Source "ChessBase"]
[SourceDate "2023.10.10"]
[SourceVersion "1"]
[SourceVersionDate "2023.10.10"]
[SourceQuality "1"]

1. e4 d6 2. d4 Nf6 3. Nc3 g6 4. Be3 c6 5. Nf3 Qc7 6. Qd2 Bg4 7. e5 Nh5 8. exd6 exd6 9. Be2 Bg7 10. h3 Bxf3 11. Bxf3 Nf6 12. Bf4 Qe7+ 13. Qe2 d5 14. Qxe7+ Kxe7 15. 0-0-0 Na6 16. Be5 Ne8 17. Rhe1 Bxe5 18. Rxe5+ Kd6 19. Ne2 Ng7 20. Nf4 Rhe8 21. Rxe8 Rxe8 22. c3 Nc7 23. Nd3 b6 24. g3 g5 25. Kd2 f6 26. Re1 Rh8 27. h4 gxh4 28. gxh4 Nf5 29. Rh1 Rg8 30. Nf4 Ne6 31. Ng2 c5 32. Ne3 Ne7 33. Kd3 f5 34. Nc2 f4 35. dxc5+ bxc5 36. c4 d4 37. Be4 h6 38. Ne1 a5 39. b3 Nf8 40. Ng2 Nd7 41. Ne1 Ne5+ 42. Kd2 a4 43. Nd3 N7c6 44. Bxc6 Nxc6 45. Nxf4 Rf8 46. Nd3 Ne5 47. Rf1 Rf3 48. Ne1 Rh3 49. f4 Rh2+ 50. Kc1 Ng4 51. Rg1 h5 52. Rg2 Rxh4 53. bxa4 Rh3 54. Kb2 Ne3 55. Rg6+ Kc7 56. Nd3 Nxc4+ 57. Kb3 Nd6 58. Kc2 Rh2+ 59. Kc1 c4 60. Ne5 d3 61. a5 Rh1+ 62. Kd2 Ne4+ 63. Ke3 Re1+ 64. Kd4 d2 65. Rg7+ Kc8 66. Rg8+ Kc7 67. Rg7+ Kd8 68. Rg8+ Ke7 69. Rg7+ Kf8 70. Rf7+ Kg8 0-1

[Event "Olomouc GM-B 24th"]
[Site "Olomouc"]
[Date "2023.08.13"]
[Round "3"]
[White "Stalmach, Richard"]
[Black "Delgerdalai, Bayarjavkhlan"]
[Result "1-0"]
[WhiteElo "2433"]
[BlackElo "2273"]
[PlyCount "49"]
[EventDate "2023.08.12"]
[EventType "tourn"]
[EventRounds "9"]
[EventCountry "CZE"]
[EventCategory "6"]
[SourceTitle "CBM 215 Extra"]
[Source "ChessBase"]
[SourceDate "2023.09.30"]
[SourceVersion "1"]
[SourceVersionDate "2023.09.30"]
[SourceQuality "1"]

1. d4 d5 2. c4 e6 3. Nf3 a6 4. cxd5 exd5 5. Nc3 Nf6 6. Bf4 Bd6 7. Be5 c6 8. e3 0-0 9. Bd3 Qe7 10. Qc2 Nbd7 11. Bxd6 Qxd6 12. 0-0 Re8 13. h3 b6 14. e4 dxe4 15. Nxe4 Qc7 16. Rae1 Bb7 17. Neg5 h6 18. Nxf7 Kxf7 19. Bc4+ Kf8 20. Nh4 g5 21. Qg6 Re7 22. Qxh6+ Ke8 23. Rxe7+ Kxe7 24. Re1+ Kd8 25. Qh8+ 1-0

[Event "Stare Mesto op"]
[Site "Stare Mesto"]
[Date "2023.08.08"]
[Round "4"]
[White "Babula, Vlastimil1111"]
[Black "Delgerdalai, Bayarjavkhlan"]
[Result "0-1"]
[WhiteElo "2297"]
[BlackElo "2273"]
[PlyCount "46"]
[EventDate "2023.08.05"]
[EventType "swiss"]
[EventRounds "9"]
[EventCountry "CZE"]
[SourceTitle "EXT 2024"]
[Source "ChessBase"]
[SourceDate "2023.10.10"]
[SourceVersion "1"]
[SourceVersionDate "2023.10.10"]
[SourceQuality "1"]

1. e4 c5 2. Nf3 Nc6 3. d4 cxd4 4. Nxd4 Nf6 5. Nc3 e5 6. Ndb5 d6 7. Bg5 a6 8. Na3 b5 9. Nd5 Be7 10. Bxf6 Bxf6 11. c4 Nd4 12. cxb5 Be6 13. Bc4 axb5 14. Nxf6+ Qxf6 15. Bxb5+ Ke7 16. Bd3 Qg5 17. Kf1 Rhb8 18. h4 Qh6 19. Nc2 Rxb2 20. g3 Nxc2 21. Bxc2 Rc8 22. Bb3 Rc3 23. Kg2 Rxg3+ 0-1

[Event "Stare Mesto op"]
[Site "Stare Mesto"]
[Date "2023.08.05"]
[Round "1"]
[White "Delgerdalai, Bayarjavkhlan"]
[Black "Knotek, Josef"]
[Result "1-0"]
[WhiteElo "2273"]
[BlackElo "1928"]
[PlyCount "51"]
[EventDate "2023.08.05"]
[EventType "swiss"]
[EventRounds "9"]
[EventCountry "CZE"]
[SourceTitle "EXT 2024"]
[Source "ChessBase"]
[SourceDate "2023.10.10"]
[SourceVersion "1"]
[SourceVersionDate "2023.10.10"]
[SourceQuality "1"]

1. e4 d5 2. exd5 Nf6 3. Nf3 Nxd5 4. d4 g6 5. c4 Nb6 6. Nc3 Bg7 7. Be3 Bg4 8. h3 Bxf3 9. Qxf3 c6 10. 0-0-0 0-0 11. h4 h5 12. g4 hxg4 13. Qxg4 Qd7 14. Qg3 Qf5 15. Bd3 Qe6 16. h5 Nxc4 17. Bxc4 Qxc4 18. hxg6 fxg6 19. Qxg6 Rf6 20. Qe8+ Rf8 21. Qh5 Rf6 22. Rdg1 Qd3 23. Qe8+ Rf8 24. Rxg7+ Kxg7 25. Qxe7+ Rf7 26. Bh6+ 1-0

[Event "Lienz op 21st"]
[Site "Lienz"]
[Date "2023.02.16"]
[Round "7"]
[White "Moser, Axel"]
[Black "Delgerdalai, Bayarjavkhlan"]
[Result "1/2-1/2"]
[WhiteElo "2076"]
[BlackElo "2189"]
[PlyCount "95"]
[EventDate "2023.02.11"]
[EventType "swiss"]
[EventRounds "9"]
[EventCountry "AUT"]
[SourceTitle "CBM 212 Extra"]
[Source "ChessBase"]
[SourceDate "2023.03.31"]
[SourceVersion "1"]
[SourceVersionDate "2023.03.31"]
[SourceQuality "1"]

1. d4 Nf6 2. c4 e6 3. Nf3 Bb4+ 4. Nbd2 0-0 5. a3 Be7 6. e4 d6 7. Be2 e5 8. Qc2 exd4 9. Nxd4 Nc6 10. N2f3 Nd7 11. 0-0 Bf6 12. Rd1 Re8 13. Nxc6 bxc6 14. Nd4 Bb7 15. Nf3 Qe7 16. Be3 c5 17. Nd2 Rab8 18. Rab1 Bd4 19. Bxd4 cxd4 20. Bd3 Ne5 21. Re1 c5 22. Re2 Bc6 23. b4 h5 24. b5 Bd7 25. f4 Nxd3 26. Qxd3 Qf6 27. Rf1 Qg6 28. f5 Qf6 29. Rf3 h4 30. Ref2 a6 31. a4 Ra8 32. Rf4 axb5 33. axb5 Ra1+ 34. Rf1 Rea8 35. Rxa1 Rxa1+ 36. Rf1 Rxf1+ 37. Kxf1 g6 38. g4 hxg3 39. Qxg3 d5 40. Qb8+ Kg7 41. cxd5 gxf5 42. Qg3+ Kf8 43. Qb8+ Ke7 44. e5 Qg5 45. Qd6+ Ke8 46. Qb8+ Ke7 47. Qd6+ Ke8 48. Qb8+ 1/2-1/2

[Event "Lienz op 21st"]
[Site "Lienz"]
[Date "2023.02.15"]
[Round "6"]
[White "Delgerdalai, Bayarjavkhlan"]
[Black "Sandipan, Chanda"]
[Result "0-1"]
[WhiteElo "2189"]
[BlackElo "2453"]
[PlyCount "94"]
[EventDate "2023.02.11"]
[EventType "swiss"]
[EventRounds "9"]
[EventCountry "AUT"]
[SourceTitle "CBM 212 Extra"]
[Source "ChessBase"]
[SourceDate "2023.03.31"]
[SourceVersion "1"]
[SourceVersionDate "2023.03.31"]
[SourceQuality "1"]

1. e4 c5 2. Nf3 d6 3. d4 cxd4 4. Nxd4 Nf6 5. Nc3 a6 6. a3 e6 7. g4 e5 8. Nf5 h5 9. Bg5 hxg4 10. Qd3 Bxf5 11. exf5 Nbd7 12. 0-0-0 Be7 13. h4 Qc7 14. Be2 Rc8 15. Kb1 Nc5 16. Nd5 Nxd3 17. Nxc7+ Rxc7 18. cxd3 d5 19. Rdg1 d4 20. Bxf6 Bxf6 21. Rxg4 Kd7 22. Bd1 Ke7 23. Re4 Kd6 24. f4 exf4 25. Rxf4 Re8 26. Re4 Rxe4 27. dxe4 Ke5 28. Bc2 Rc8 29. h5 Rh8 30. Bd3 Bg5 31. Kc2 Be3 32. Kd1 Rh6 33. Ke2 g6 34. Bc4 gxh5 35. Bxf7 h4 36. Bd5 h3 37. Bxb7 Rb6 38. Bd5 Rxb2+ 39. Kd3 h2 40. a4 Bg1 41. Bc4 a5 42. Bd5 Rb4 43. Bc6 Rb3+ 44. Kd2 d3 45. Bd5 Ra3 46. Bc6 Kd4 47. f6 Be3+ 0-1

[Event "Zlin Region-chT 2223"]
[Site "Czech Republic"]
[Date "2023.01.29"]
[Round "7.1"]
[White "Delgerdalai, Bayarjavkhlan"]
[Black "Vitak, Pavel"]
[Result "1/2-1/2"]
[WhiteElo "2132"]
[BlackElo "2219"]
[PlyCount "34"]
[EventDate "2022.10.09"]
[EventType "team-tourn"]
[EventRounds "11"]
[EventCountry "CZE"]
[SourceTitle "EXT 2024"]
[Source "ChessBase"]
[SourceDate "2023.10.10"]
[SourceVersion "1"]
[SourceVersionDate "2023.10.10"]
[SourceQuality "1"]
[WhiteTeam "Stare Mesto II"]
[BlackTeam "Valasska Bystrice Sokol"]
[WhiteTeamCountry "CZE"]
[BlackTeamCountry "CZE"]

1. d4 Nf6 2. c4 Nc6 3. Nc3 e5 4. Nf3 exd4 5. Nxd4 Bb4 6. Nxc6 bxc6 7. Qc2 h6 8. a3 Be7 9. e4 d6 10. Be2 0-0 11. 0-0 Bd7 12. h3 Re8 13. Be3 Bf8 14. Rfe1 a5 15. b3 Qc8 16. Kh2 Qb7 17. Bd3 c5 1/2-1/2

[Event "EU-ch Rapid"]
[Site "Katowice"]
[Date "2022.12.17"]
[Round "2"]
[White "Stefansson, Hannes"]
[Black "Delgerdalai, Bayarjavkhlan"]
[Result "1-0"]
[WhiteElo "2526"]
[BlackElo "2100"]
[PlyCount "137"]
[EventDate "2022.12.17"]
[EventType "swiss (rapid)"]
[EventRounds "11"]
[EventCountry "POL"]
[SourceTitle "CBM 211 Extra"]
[Source "ChessBase"]
[SourceDate "2023.01.31"]
[SourceVersion "1"]
[SourceVersionDate "2023.01.31"]
[SourceQuality "1"]

1. e4 c5 2. Nf3 d6 3. d4 cxd4 4. Nxd4 Nf6 5. Nc3 a6 6. Be2 e5 7. Nf3 Be7 8. 0-0 Nc6 9. Bg5 Be6 10. Bxf6 Bxf6 11. Nd5 Bxd5 12. Qxd5 0-0 13. Rfd1 Be7 14. c3 Rc8 15. Nd2 Qc7 16. a4 Rcd8 17. Nc4 g6 18. Qd3 Bg5 19. a5 Kh8 20. Nb6 f5 21. Bf3 Ne7 22. Qe2 d5 23. exf5 e4 24. Bg4 gxf5 25. Bh3 Qe5 26. Ra4 Nc6 27. Ra3 Be7 28. Raa1 Bc5 29. Na4 Ba7 30. b4 f4 31. Nb6 f3 32. Qe3 Bb8 33. g3 Qh5 34. Bf1 Rf6 35. c4 Rh6 36. h3 Qg6 37. Kh1 d4 38. Qc1 Rg8 39. Qb2 Qf5 40. Kh2 Rgg6 41. Rxd4 Be5 42. Rad1 Nxd4 43. Rxd4 Bxd4 44. Qxd4+ Rg7 45. Qd8+ Rg8 46. Qd4+ Qf6 47. Qxe4 Rhg6 48. Nd5 Qe6 49. Qxf3 R6g7 50. h4 Qe5 51. Bd3 Re8 52. Kg2 Qe6 53. b5 axb5 54. cxb5 Rd8 55. Nf4 Qe5 56. a6 bxa6 57. bxa6 Qd4 58. Be4 Re8 59. Bb7 Rf8 60. Ng6+ hxg6 61. Qxf8+ Kh7 62. Qf4 Qc5 63. Qe3 Qa5 64. Qe4 Qc5 65. Qd5 Qb6 66. h5 Kh6 67. hxg6 Rxg6 68. Qe4 Rf6 69. Qe3+ 1-0

[Event "EU-ch Blitz"]
[Site "Katowice"]
[Date "2022.12.16"]
[Round "22"]
[White "Delgerdalai, Bayarjavkhlan"]
[Black "Mitusov, Semen"]
[Result "0-1"]
[WhiteElo "2100"]
[BlackElo "2397"]
[PlyCount "80"]
[EventDate "2022.12.16"]
[EventType "swiss (blitz)"]
[EventRounds "22"]
[EventCountry "POL"]
[SourceTitle "CBM 211 Extra"]
[Source "ChessBase"]
[SourceDate "2023.01.31"]
[SourceVersion "1"]
[SourceVersionDate "2023.01.31"]
[SourceQuality "1"]

1. e4 e5 2. Nf3 Nc6 3. Bb5 a6 4. Ba4 Nf6 5. 0-0 b5 6. Bb3 Be7 7. Re1 0-0 8. a4 b4 9. a5 d6 10. d3 Bg4 11. c3 Rb8 12. Nbd2 bxc3 13. bxc3 d5 14. h3 Bh5 15. Ba4 Nxa5 16. g4 Bg6 17. Nxe5 dxe4 18. dxe4 Bc5 19. Ba3 Bxa3 20. Rxa3 Qe7 21. Nxg6 hxg6 22. Ra1 Nb7 23. Bc2 Nc5 24. Qf3 Nfd7 25. Qe3 g5 26. e5 Rb2 27. Bf5 Ne6 28. Rxa6 Ndc5 29. Rc6 Rd8 30. Nc4 Ra2 31. Bxe6 Nxe6 32. Qe4 Qd7 33. Ne3 Qd2 34. Rf1 Qe2 35. Qc4 Qb2 36. Nf5 Rd2 37. Rxe6 Rxf2 38. Ne7+ Kh8 39. Ng6+ Kh7 40. Nf8+ Kg8 0-1

[Event "EU-ch Blitz"]
[Site "Katowice"]
[Date "2022.12.16"]
[Round "9"]
[White "Kacprzak, Kacper"]
[Black "Delgerdalai, Bayarjavkhlan"]
[Result "1/2-1/2"]
[WhiteElo "2289"]
[BlackElo "2100"]
[PlyCount "83"]
[EventDate "2022.12.16"]
[EventType "swiss (blitz)"]
[EventRounds "22"]
[EventCountry "POL"]
[SourceTitle "CBM 211 Extra"]
[Source "ChessBase"]
[SourceDate "2023.01.31"]
[SourceVersion "1"]
[SourceVersionDate "2023.01.31"]
[SourceQuality "1"]

1. e4 c5 2. Nf3 d6 3. d4 cxd4 4. Nxd4 Nf6 5. Nc3 a6 6. Bg5 e6 7. f4 b5 8. e5 dxe5 9. fxe5 Qc7 10. Nf3 Nfd7 11. Bf4 Nc6 12. Qe2 Bb7 13. 0-0-0 Be7 14. h4 Nc5 15. h5 b4 16. Ne4 Nxe4 17. Qxe4 h6 18. Kb1 Rc8 19. Qe3 Na5 20. Bd3 Bd5 21. Nd4 Nc4 22. Bxc4 Qxc4 23. b3 Qc5 24. Qe2 0-0 25. Be3 Qc7 26. Nf5 Be4 27. Nxe7+ Qxe7 28. Rd2 Bh7 29. Qf2 Rc3 30. Bd4 Rc6 31. Rc1 Rfc8 32. g4 Qg5 33. Qg2 a5 34. Be3 Qxe3 35. Qxc6 Bxc2+ 36. Rdxc2 Rxc6 37. Rxc6 Qxe5 38. R6c4 g6 39. hxg6 fxg6 40. Rc7 Qe4+ 41. Kb2 Qd4+ 42. Kb1 1/2-1/2

[Event "CZE-chT1E 2223"]
[Site "Czech Republic"]
[Date "2022.10.08"]
[Round "1.3"]
[White "Delgerdalai, Bayarjavkhlan"]
[Black "Kanok, Jaroslav"]
[Result "0-1"]
[WhiteElo "2132"]
[BlackElo "2143"]
[PlyCount "68"]
[EventDate "2022.10.08"]
[EventType "team-tourn"]
[EventRounds "11"]
[EventCountry "CZE"]
[SourceTitle "CBM 210 Extra"]
[Source "ChessBase"]
[SourceDate "2022.11.30"]
[SourceVersion "1"]
[SourceVersionDate "2022.11.30"]
[SourceQuality "1"]
[WhiteTeam "Stare Mesto"]
[BlackTeam "Ostrava"]
[WhiteTeamCountry "CZE"]
[BlackTeamCountry "CZE"]

1. e4 e6 2. d4 d5 3. Nc3 Nf6 4. e5 Nfd7 5. f4 c5 6. Nf3 Nc6 7. Be3 a6 8. Ne2 b6 9. c3 Be7 10. g3 g6 11. h4 h5 12. Bh3 a5 13. Ng5 Ba6 14. a3 a4 15. Qc2 Bxe2 16. Nxe6 Qc8 17. Kxe2 fxe6 18. Qxg6+ Kd8 19. Qxe6 Kc7 20. Qxd5 Qa6+ 21. Kf2 Rad8 22. Qe4 Rdf8 23. Bxd7 Kxd7 24. d5 Nb8 25. d6 Bd8 26. f5 Qb5 27. e6+ Kc8 28. d7+ Nxd7 29. exd7+ Kb8 30. Bf4+ Ka7 31. Rad1 c4 32. Rd2 Rxf5 33. Kg2 Rhf8 34. Re1 R8f7 0-1

[Event "Wch U12"]
[Site "Batumi"]
[Date "2022.09.27"]
[Round "11"]
[White "Tulendinov, Dinmukhammed"]
[Black "Delgerdalai, Bayarjavkhlan"]
[Result "1/2-1/2"]
[WhiteElo "2076"]
[BlackElo "1540"]
[PlyCount "117"]
[EventDate "2022.09.16"]
[EventType "swiss"]
[EventRounds "11"]
[EventCountry "GEO"]
[SourceTitle "EXT 2023"]
[Source "ChessBase"]
[SourceDate "2022.10.05"]
[SourceVersion "1"]
[SourceVersionDate "2022.10.05"]
[SourceQuality "1"]

1. e4 e6 2. d4 d5 3. Nd2 c5 4. Ngf3 Nc6 5. exd5 exd5 6. Bb5 Nf6 7. 0-0 Be7 8. dxc5 0-0 9. Nb3 Bg4 10. Be3 Rc8 11. Be2 Ne4 12. c3 Bxf3 13. Bxf3 Ne5 14. Qe2 Nxc5 15. Bxc5 Nxf3+ 16. Qxf3 Bxc5 17. Rad1 b6 18. Rxd5 Qe7 19. Rfd1 a5 20. g3 g6 21. Rd7 Qe6 22. Qd5 Qe2 23. Rd2 Qe1+ 24. Kg2 a4 25. Nxc5 Rxc5 26. Qd4 a3 27. bxa3 Qc1 28. Qf6 Qxc3 29. Qxb6 Qxa3 30. Rd8 Rc8 31. Rxc8 Rxc8 32. Rd8+ Rxd8 33. Qxd8+ Kg7 34. Qd4+ Kg8 35. Qd5 h5 36. h4 Qb4 37. Qa8+ Kg7 38. a4 g5 39. hxg5 h4 40. a5 hxg3 41. Kxg3 Qc3+ 42. Kg2 Qe5 43. Qd8 Qe4+ 44. Kf1 Qb1+ 45. Ke2 Qc2+ 46. Ke3 Qc3+ 47. Ke4 Qe1+ 48. Kf3 Qh1+ 49. Ke2 Qe4+ 50. Kd2 Qb4+ 51. Kd1 Qb1+ 52. Kd2 Qb4+ 53. Kd3 Qb3+ 54. Ke4 Qb1+ 55. Kf4 Qc1+ 56. Kg3 Qg1+ 57. Kf3 Qh1+ 58. Ke2 Qe4+ 59. Kd2 1/2-1/2